000 01227nam a2200229Ia 4500
999 _c39193
_d39193
001 5778
003 GE_BSU
005 20190510161206.0
008 181216s1961||||ge |||||||||||||| ||geo||
040 _cGE_BSU
041 _ageo
080 _a664.143(075.8) რ-12
100 _a რაპოპორტი, ა.
_9980
245 _aსაკონდიტრო წარმოების ტექნოლოგია I ნაწილი :
_bსახელმძღვ. /
_cა. რაპოპორტი, ლ. სოსნოვსკი ; ა. რაპოპორტის საერთო რედაქციით ; მთარგმ. ალ.თარხნიშვილი ; რედ. ვ.გიოშვილი.
264 _aთბილისი :
_bსპი,
_c1961.
300 _a466 გვ. :
_bილ. ;
_c20 სმ.
653 _aსაკონდიტრო წარმოების ტექნოლოგია
700 _a სოსნოვსკი, ლ.
_eავტორი
_9981
700 _aგიოშვილი, ვ.
_eრედაქტორი
_9982
700 _aთარხნიშვილი, ალ.
_eმთარგმნელი
_9983
942 _cBK
_2udc